000
00317nam a22001457a 4500
008
210309b ||||| |||| 00| 0 eng d
020
_a
9780840398826
041
_a
eng
080
_2
3rd
_a
574
082
_a
574
100
_a
9
101
_a
MJE
245
_a
Enviromental Science
_c
Arnfield, E.A
942
_2
udc
_c
BK
999
_c
56073
_d
56073